[Event "East Lansing (MI Op/7)"]
[Site "?"]
[Date "1982.??.??"]
[Round "?"]
[White "Zacks, Naum"]
[Black "McFay, D.."]
[Result "1-0"]
[WhiteElo "1885"]
[BlackElo "1625"]
[PlyCount "43"]
[EventDate "1982.??.??"]

1. e4 e6 2. d4 d5 3. Nc3 dxe4 4. Nxe4 Nd7 5. Nf3 Ngf6 6. Bd3 Nxe4 7. Bxe4 Nf6
8. Bd3 c5 9. O-O Bd7 10. dxc5 Bxc5 11. Ne5 Rc8 12. Bg5 Be7 13. Qe2 h6 14. Bxf6
Bxf6 15. Nxd7 Kxd7 16. Rfd1 Kc7 17. Bb5 Qf8 18. Rd7+ Kb8 19. c3 Rc7 20. Rad1
Rxd7 21. Rxd7 Be7 22. Qf3 1-0

[Event "East Lansing (MI Op/4)"]
[Site "?"]
[Date "1982.??.??"]
[Round "?"]
[White "Zacks, Naum"]
[Black "Comstock, Ron"]
[Result "1-0"]
[WhiteElo "1885"]
[BlackElo "1695"]
[PlyCount "51"]
[EventDate "1982.??.??"]

1. e4 c5 2. Nf3 e6 3. d4 cxd4 4. Nxd4 a6 5. Nc3 Nc6 6. Be3 Qc7 7. Be2 b5 8. O-O
Bb7 9. Qd2 Nf6 10. a3 b4 11. axb4 Bxb4 12. f3 Ne5 13. Ra4 Bxc3 14. bxc3 O-O 15.
Rfa1 d5 16. Ra5 Nc4 17. Bxc4 Qxc4 18. Nxe6 fxe6 19. Rc5 Qxc5 20. Bxc5 Rfd8 21.
e5 Nd7 22. Bd6 Rdc8 23. Qg5 Rxc3 24. Qe7 Bc6 25. Rxa6 Rxc2 26. Qxe6+ 1-0

[Event "East Lansing (MI Op/5)"]
[Site "?"]
[Date "1982.??.??"]
[Round "?"]
[White "Youssef, I.."]
[Black "Hahn, David"]
[Result "1/2-1/2"]
[WhiteElo "2010"]
[BlackElo "2115"]
[PlyCount "27"]
[EventDate "1982.??.??"]

1. c4 Nf6 2. d4 g6 3. Nc3 Bg7 4. e4 d6 5. Nge2 O-O 6. g3 Nc6 7. Bg2 e5 8. d5
Nd4 9. O-O c5 10. dxc6 bxc6 11. Nxd4 exd4 12. Qxd4 Ng4 13. Qd1 Qb6 14. Na4
1/2-1/2

[Event "East Lansing (MI Op/4)"]
[Site "?"]
[Date "1982.??.??"]
[Round "?"]
[White "Youssef, I.."]
[Black "Geshel, J.."]
[Result "1-0"]
[WhiteElo "2010"]
[BlackElo "1835"]
[PlyCount "99"]
[EventDate "1982.??.??"]

1. c4 e5 2. Nc3 Nf6 3. g3 Be7 4. Bg2 d6 5. e3 c6 6. d4 exd4 7. exd4 Bf5 8. Nge2
O-O 9. O-O Re8 10. Nf4 Nbd7 11. b4 Nb6 12. Qb3 Qc7 13. Be3 Rad8 14. d5 cxd5 15.
Bxb6 Qxb6 16. Ncxd5 Nxd5 17. Nxd5 Qd4 18. Rad1 Qg4 19. Ne3 Qg6 20. Nxf5 Qxf5
21. Bxb7 Bf8 22. Qc3 Re5 23. Rd4 Rde8 24. Rf4 Qd7 25. Bd5 R8e7 26. Qf3 g6 27.
Re4 Rxe4 28. Bxe4 Qa4 29. a3 Bg7 30. Bc6 Qc2 31. Bb5 Bd4 32. Kg2 Re6 33. Qd1
Qe4+ 34. Qf3 Qc2 35. Qf4 Be5 36. Qc1 Qe4+ 37. Kg1 Qb7 38. Ba4 Rf6 39. c5 dxc5
40. bxc5 Qa6 41. Qc2 Rf3 42. Qe4 Rxa3 43. Qxe5 Rxa4 44. Rb1 f5 45. Qd5+ Kg7 46.
c6 Kh6 47. Qd2+ f4 48. Rc1 Rc4 49. Rxc4 Qxc4 50. Qxf4+ 1-0

[Event "East Lansing (MI Op/4)"]
[Site "?"]
[Date "1982.??.??"]
[Round "?"]
[White "Wygrecki, J.."]
[Black "Rogan, M.."]
[Result "1-0"]
[WhiteElo "1920"]
[BlackElo "2065"]
[PlyCount "85"]
[EventDate "1982.??.??"]

1. b4 e5 2. Bb2 f6 3. b5 d5 4. e3 c5 5. d4 Nd7 6. c4 cxd4 7. exd4 Bb4+ 8. Nd2
Ne7 9. Bd3 e4 10. Be2 dxc4 11. Bxc4 Qa5 12. a3 Bxd2+ 13. Qxd2 Qxd2+ 14. Kxd2
Nb6 15. Bb3 Bd7 16. a4 Rc8 17. Rc1 Rxc1 18. Bxc1 Nbd5 19. Ne2 f5 20. Ba3 f4 21.
Bxe7 e3+ 22. fxe3 fxe3+ 23. Kd3 Bf5+ 24. Kc4 Nb6+ 25. Kb4 Kxe7 26. a5 Nd7 27.
Ng3 Kf6 28. Rf1 g6 29. Bc2 Re8 30. Nxf5 e2 31. Re1 gxf5 32. Bd3 Re3 33. Kc4 h5
34. Rxe2 f4 35. Rxe3 fxe3 36. Be2 a6 37. b6 Kg5 38. Kd3 Kf4 39. Bxh5 Nf6 40.
Be2 Nd5 41. g3+ Kf5 42. Bf3 e2 43. Bxe2 1-0

[Event "East Lansing (MI Op/2)"]
[Site "?"]
[Date "1982.??.??"]
[Round "?"]
[White "Wygrecki, J.."]
[Black "Manion, Tom"]
[Result "1-0"]
[WhiteElo "1920"]
[BlackElo "1820"]
[PlyCount "125"]
[EventDate "1982.??.??"]

1. b4 b5 2. Bb2 Nf6 3. e3 Bb7 4. Nf3 a6 5. c4 c6 6. Nc3 e6 7. c5 a5 8. a3 Na6
9. Qb3 Be7 10. d4 O-O 11. Be2 d6 12. O-O axb4 13. axb4 dxc5 14. dxc5 Qc7 15.
Na2 Rad8 16. Be5 Qc8 17. Nc3 Nd5 18. Nxd5 exd5 19. Nd4 Qd7 20. h3 Qe8 21. Bg3
Bf6 22. Rad1 g6 23. Rfe1 Ra8 24. Bf3 Qd8 25. e4 dxe4 26. Rxe4 Qd5 27. Qb1 Qc4
28. Ne2 Bc8 29. Rxc4 bxc4 30. Bxc6 Bf5 31. Qc1 Rad8 32. Bd6 Nxb4 33. Bxf8 Rxf8
34. Bd7 Nd3 35. Qxc4 Nb2 36. Qd5 Nxd1 37. Qxd1 Rd8 38. c6 Be5 39. Ng3 Be6 40.
Qc1 Rxd7 41. cxd7 Bxd7 42. Ne4 Bf5 43. Qg5 Kg7 44. Ng3 Bf6 45. Nxf5+ Kg8 46.
Qxf6 gxf5 47. Kh2 f4 48. h4 f3 49. gxf3 h5 50. Kg3 Kh7 51. Qg5 f6 52. Qxh5+ Kg7
53. Kf4 f5 54. Kxf5 Kg8 55. Qg6+ Kh8 56. Qe8+ Kh7 57. h5 Kg7 58. Qg6+ Kh8 59.
Qc6 Kg7 60. Qd7+ Kh6 61. Qe6+ Kg7 62. h6+ Kh8 63. Qf6+ 1-0

[Event "East Lansing (MI Op/1)"]
[Site "?"]
[Date "1982.??.??"]
[Round "?"]
[White "Woods, T.."]
[Black "Schreiber, E.."]
[Result "0-1"]
[WhiteElo "1605"]
[BlackElo "1620"]
[PlyCount "66"]
[EventDate "1982.??.??"]

1. Nh3 d5 2. g3 e5 3. f3 Nf6 4. d3 Bc5 5. Nd2 O-O 6. a4 a5 7. Nb3 Bb6 8. e3 Be6
9. Ng5 Bf5 10. Bg2 Qd7 11. h4 e4 12. dxe4 dxe4 13. Qxd7 Nbxd7 14. Nd4 exf3 15.
Ngxf3 Be4 16. O-O c5 17. Nb5 Bxc2 18. Ng5 h6 19. Nh3 Bd3 20. Rd1 Bxb5 21. axb5
Rab8 22. Bd2 c4 23. Nf4 Rfe8 24. Ra3 Bc5 25. Rxa5 Bxe3+ 26. Bxe3 Rxe3 27. Bh3
Ne5 28. Kg2 Ne4 29. Nh5 g6 30. b6 Re2+ 31. Kh1 Nf2+ 32. Kg1 Nxh3+ 33. Kf1 Rf2+
0-1

[Event "East Lansing (MI Op/4)"]
[Site "?"]
[Date "1982.??.??"]
[Round "?"]
[White "Woods, T.."]
[Black "King, H.."]
[Result "1/2-1/2"]
[WhiteElo "1605"]
[BlackElo "1685"]
[PlyCount "112"]
[EventDate "1982.??.??"]

1. d4 Nf6 2. c4 e6 3. Nf3 b6 4. e3 Bb7 5. Be2 c5 6. O-O Bd6 7. Nc3 a6 8. Ng5 h6
9. Nh3 g5 10. f3 Qc7 11. f4 Rg8 12. g3 g4 13. Nf2 h5 14. d5 exd5 15. cxd5 b5
16. Nfe4 Nh7 17. Nxd6+ Qxd6 18. e4 Qb6 19. Be3 d6 20. a3 Nd7 21. b4 O-O-O 22.
a4 Rde8 23. axb5 Nhf6 24. bxa6 Ba8 25. bxc5 Qb4 26. Nb5 Nxe4 27. Na7+ Kc7 28.
cxd6+ Kxd6 29. Rb1 Nc3 30. Nb5+ Qxb5 31. Bxb5 Nxd1 32. Bd4 Ne3 33. Bxe3 Rxe3
34. Bxd7 Kxd7 35. a7 Ree8 36. Rf2 Bxd5 37. Rd2 Kc6 38. Rc2+ Kd7 39. Rd1 Kd6 40.
Rcd2 Kc6 41. Rxd5 Kb6 42. Rd7 Rgf8 43. Rb1+ Kc6 44. Rdb7 Re1+ 45. Rxe1 Kxb7 46.
Re7+ Ka8 47. Kf2 Rc8 48. Ke3 Rc2 49. Rxf7 Rxh2 50. Ke4 h4 51. gxh4 Rxh4 52. f5
g3+ 53. Kf3 g2 54. Kxg2 Rg4+ 55. Kf3 Rf4+ 56. Ke2 Re4+ 1/2-1/2

[Event "East Lansing (MI Op/7)"]
[Site "?"]
[Date "1982.??.??"]
[Round "?"]
[White "Woods, T.."]
[Black "Jones, B.."]
[Result "1-0"]
[WhiteElo "1605"]
[BlackElo "1745"]
[PlyCount "157"]
[EventDate "1982.??.??"]

1. f4 d5 2. e3 Nf6 3. Nf3 g6 4. Be2 Bg7 5. O-O O-O 6. d3 c5 7. c3 Nc6 8. Nbd2
b6 9. b3 Ng4 10. Nb1 Bb7 11. h3 Nf6 12. Bb2 Qd6 13. Nbd2 Rad8 14. d4 Ne4 15.
Nxe4 dxe4 16. Ne5 cxd4 17. cxd4 Nb4 18. a3 Nd5 19. Qd2 Rc8 20. Rac1 a6 21. Rxc8
Rxc8 22. Rc1 Rc7 23. Bc4 b5 24. Bxd5 Bxd5 25. b4 f6 26. Ng4 Bc4 27. Qc3 Rc6 28.
Qd2 Kf7 29. Qf2 Qc7 30. Qd2 Qd6 31. Qf2 Qc7 32. Qd2 Bd5 33. Rc5 e6 34. Nf2 Bf8
35. Rxc6 Qxc6 36. Nd1 Qc4 37. Bc3 Ke7 38. h4 Qb3 39. Bb2 Qd3 40. Qxd3 exd3 41.
Bc3 Kd6 42. Nf2 Bc4 43. Ne4+ Ke7 44. Kf2 Kf7 45. g3 f5 46. Ng5+ Kg8 47. Ke1 a5
48. Kd2 axb4 49. axb4 Be7 50. Nh3 Kf7 51. Nf2 Ke8 52. Nxd3 Bd6 53. Nf2 Kd7 54.
e4 Be7 55. Ke3 Bd8 56. Nd1 Bb6 57. exf5 exf5 58. Nf2 h5 59. Nh3 Bd8 60. Ng1 Ke6
61. Nf3 Bf6 62. Nd2 Ba2 63. Bb2 Be7 64. Bc3 Bf6 65. d5+ Bxd5 66. Bxf6 Kxf6 67.
Kd4 Bf7 68. Kc5 Be8 69. Nb3 g5 70. hxg5+ Kg6 71. Nd4 h4 72. gxh4 Kh5 73. Nxb5
Kxh4 74. Nd6 Bh5 75. Kd4 Kg3 76. Ke3 Bf3 77. Nxf5+ Kg4 78. Nd4 Bd5 79. b5 1-0

[Event "Southfield (MEX/4)"]
[Site "?"]
[Date "1982.??.??"]
[Round "?"]
[White "Willey, M.."]
[Black "Noren, Kevin"]
[Result "1-0"]
[WhiteElo "2045"]
[BlackElo "2130"]
[PlyCount "81"]
[EventDate "1982.??.??"]

1. c4 f5 2. g3 Nf6 3. Bg2 e6 4. Nc3 Be7 5. e3 O-O 6. Nge2 d6 7. b3 e5 8. Bb2
Qe8 9. f4 Nc6 10. O-O Bd7 11. d4 Qh5 12. h3 e4 13. a3 Nd8 14. Nd5 Nxd5 15. cxd5
Bb5 16. Rf2 Ba6 17. Rc1 Rc8 18. b4 Qf7 19. Qa4 Bxe2 20. Rxe2 Qxd5 21. Qd7 Nc6
22. Rxc6 bxc6 23. Qxe7 Qc4 24. Bf1 Rf7 25. Qh4 a5 26. bxa5 Rb8 27. g4 fxg4 28.
hxg4 h6 29. Qf2 Qb5 30. Bc3 Qd5 31. a6 g5 32. Rb2 Rbf8 33. Rb4 Qa5 34. Rb3 Qa4
35. Rb4 Qxa3 36. Qc2 gxf4 37. Ra4 fxe3 38. Be2 Qxa4 39. Qxa4 Rf2 40. a7 Rxe2
41. Qc4+ 1-0

[Event "East Lansing (MI Op/4)"]
[Site "?"]
[Date "1982.??.??"]
[Round "?"]
[White "Willey, M.."]
[Black "Lloyd, J.."]
[Result "0-1"]
[WhiteElo "2030"]
[BlackElo "1785"]
[PlyCount "96"]
[EventDate "1982.??.??"]

1. c4 c5 2. Nc3 Nc6 3. g3 g6 4. Bg2 Bg7 5. e3 d6 6. Nge2 e5 7. Nd5 Be6 8. Nec3
Qd7 9. d3 f5 10. Qa4 Nf6 11. Nb6 axb6 12. Qxa8+ Kf7 13. Qa4 d5 14. O-O dxc4 15.
dxc4 e4 16. Rd1 Qe7 17. Nb5 Rd8 18. Bd2 Ne5 19. Bc3 Nd3 20. h3 Bd7 21. Rd2 h5
22. Bf1 Bc6 23. Rad1 Bh6 24. f4 h4 25. Be5 Nd7 26. Bd6 Qe6 27. Qb3 hxg3 28. Bc7
Rh8 29. Bxd3 exd3 30. Qxd3 Bf8 31. e4 Rxh3 32. Nc3 fxe4 33. Nxe4 Rh1+ 34. Kxh1
Bxe4+ 35. Kg1 Bxd3 36. Rxd3 Nf6 37. Rxg3 Qxc4 38. b3 Qe4 39. Rgd3 Bh6 40. Bxb6
Bxf4 41. Bxc5 g5 42. Rd8 Be3+ 43. Bxe3 Qxe3+ 44. Kh1 Ne4 45. R1d7+ Ke6 46. Rd1
Qf3+ 47. Kg1 Qf2+ 48. Kh1 Ng3# 0-1

[Event "East Lansing (MI Op/6)"]
[Site "?"]
[Date "1982.??.??"]
[Round "?"]
[White "Willey, M.."]
[Black "Geno, R.."]
[Result "1-0"]
[WhiteElo "2030"]
[BlackElo "1820"]
[PlyCount "79"]
[EventDate "1982.??.??"]

1. c4 e5 2. Nc3 Nf6 3. g3 a6 4. Bg2 Bc5 5. e3 d6 6. Nge2 Nc6 7. d4 exd4 8. exd4
Ba7 9. Bg5 h6 10. Bf4 O-O 11. O-O Re8 12. h3 Bf5 13. a3 Rb8 14. b4 Ne7 15. c5
Ng6 16. Be3 c6 17. Kh2 Qc7 18. Nf4 Nf8 19. d5 dxc5 20. d6 Qd7 21. bxc5 b6 22.
Qa4 Rec8 23. Qxa6 bxc5 24. Na4 c4 25. Qxa7 Qxa7 26. Bxa7 Ra8 27. Nb6 Rxa7 28.
Nxc8 Bxc8 29. Bxc6 Ra6 30. Bb5 Rxd6 31. Bxc4 Ba6 32. Bxa6 Rxa6 33. Rfd1 g6 34.
Rd8 Kg7 35. Nd3 Ne6 36. Rc8 Ra7 37. Kg2 Nd4 38. Ne5 Nb5 39. a4 Nd6 40. Rc6 1-0

[Event "East Lansing (MI Op/2)"]
[Site "?"]
[Date "1982.??.??"]
[Round "?"]
[White "Willey, M.."]
[Black "Collyer, R.."]
[Result "1/2-1/2"]
[WhiteElo "2030"]
[BlackElo "1855"]
[PlyCount "142"]
[EventDate "1982.??.??"]

1. c4 Nf6 2. Nc3 e6 3. e4 d6 4. d4 Be7 5. Nf3 c5 6. Be2 cxd4 7. Nxd4 Nc6 8. O-O
O-O 9. Be3 e5 10. Nc2 Be6 11. b3 Nd7 12. Qd2 f5 13. exf5 Bxf5 14. Bd3 Bxd3 15.
Qxd3 Nf6 16. Rad1 Qd7 17. Nd5 Rad8 18. b4 b6 19. b5 Na5 20. Nxb6 axb6 21. Bxb6
Ra8 22. c5 d5 23. Ne3 d4 24. c6 Qe6 25. Nf5 Bb4 26. a3 Bc3 27. Bc5 Rfd8 28.
Ne7+ Kf7 29. c7 Re8 30. Rc1 Rxe7 31. Bxe7 Kxe7 32. Rxc3 dxc3 33. Qxc3 Nc4 34.
Rc1 Nb6 35. h3 Nfd5 36. Qb3 Kf7 37. Rc6 Qe7 38. Qf3+ Kg8 39. Rxb6 Nxc7 40. Rb7
Rf8 41. Qb3+ Qe6 42. Qxe6+ Nxe6 43. Re7 Nd4 44. Rxe5 Ra8 45. b6 Kf7 46. Re4 Nc6
47. Rc4 Ne7 48. b7 Rb8 49. Rc7 Kf6 50. a4 Nd5 51. Rd7 Ke6 52. Rxg7 Kd6 53. Rxh7
Kc6 54. g4 Nc7 55. g5 Kxb7 56. h4 Kc6 57. h5 Nd5 58. Rf7 Kd6 59. h6 Ke5 60. Rf3
Rg8 61. Rg3 Rh8 62. Kg2 Kf5 63. Kf3 Nf4 64. Rg1 Ng6 65. Ke3 Ra8 66. Ra1 Kxg5
67. h7 Kh6 68. Kd4 Kxh7 69. Kc5 Ne7 70. a5 Nc8 71. Kc6 Ra7 1/2-1/2

[Event "Southfield (MEX/3)"]
[Site "?"]
[Date "1982.??.??"]
[Round "?"]
[White "Willey, M.."]
[Black "Brooks, John"]
[Result "0-1"]
[WhiteElo "2045"]
[BlackElo "2090"]
[PlyCount "120"]
[EventDate "1982.??.??"]

1. c4 c5 2. Nc3 Nf6 3. g3 d5 4. cxd5 Nxd5 5. Bg2 Nc7 6. Nf3 Nc6 7. d3 e5 8. Be3
Be7 9. Rc1 O-O 10. Na4 b6 11. b4 e4 12. Nd2 Nxb4 13. Bxe4 Rb8 14. Nc3 Bf6 15.
Ndb1 Nbd5 16. Bd2 Bh3 17. e3 Qd7 18. Nxd5 Nxd5 19. Qh5 Rfd8 20. Qxh7+ Kf8 21.
Qh5 Bg4 22. Qxd5 Qxd5 23. Bxd5 Rxd5 24. d4 cxd4 25. O-O Be2 26. Rfe1 d3 27. Rc7
a5 28. Rec1 Bf3 29. a4 Rc5 30. Na3 Rxc1+ 31. Bxc1 Bb2 32. Nb1 Bxc1 33. Rxc1 b5
34. axb5 Rxb5 35. Nd2 Be2 36. Ra1 Rb2 37. Ne4 d2 38. Nxd2 Rxd2 39. Rxa5 Bf3 40.
Ra1 g5 41. h4 g4 42. Kf1 Rd1+ 43. Rxd1 Bxd1 44. Ke1 Bf3 45. Kd2 Kg7 46. Kd3 Kf6
47. Kd4 Kf5 48. Kd3 Ke5 49. Kd2 Bc6 50. Kd3 Bb5+ 51. Kc3 Ke4 52. Kd2 Kf3 53. h5
Bc6 54. Kd3 Be4+ 55. Kd4 Bh7 56. Ke5 Kxf2 57. Kf4 f5 58. h6 Ke2 59. Ke5 Kxe3
60. Kf6 f4 0-1

[Event "Southfield (MEX/1)"]
[Site "?"]
[Date "1982.??.??"]
[Round "?"]
[White "Willey, M.."]
[Black "Beider, Andrew"]
[Result "1/2-1/2"]
[WhiteElo "2045"]
[BlackElo "2120"]
[PlyCount "80"]
[EventDate "1982.??.??"]

1. c4 Nf6 2. Nc3 g6 3. g3 Bg7 4. Bg2 O-O 5. e3 d6 6. Nge2 e5 7. O-O c6 8. Rb1
Be6 9. d3 Qd7 10. b4 Bh3 11. b5 d5 12. a4 Bxg2 13. Kxg2 d4 14. exd4 exd4 15.
Na2 c5 16. Bd2 b6 17. Nf4 Qd6 18. Nc1 Nbd7 19. h3 Rae8 20. Ra1 h6 21. a5 g5 22.
Nh5 Nxh5 23. Qxh5 f5 24. f4 Nf6 25. Qd1 g4 26. h4 Qc7 27. Kh2 Re7 28. axb6 axb6
29. Ne2 Rfe8 30. Ng1 Qb7 31. Ra6 Nh5 32. Re1 Rxe1 33. Bxe1 Re3 34. Bf2 Re7 35.
Qa4 Bf6 36. Ra8+ Kh7 37. Qa6 Ng7 38. Rf8 Kg6 39. Qa8 Qxa8 40. Rxa8 Re8 1/2-1/2

[Event "Ann Arbor (MI Futurity/1)"]
[Site "?"]
[Date "1982.??.??"]
[Round "?"]
[White "Whitehouse, D.."]
[Black "Tennant, S.."]
[Result "1-0"]
[WhiteElo "2290"]
[BlackElo "2315"]
[PlyCount "85"]
[EventDate "1982.??.??"]

1. c4 Nf6 2. Nc3 g6 3. g3 Bg7 4. Bg2 O-O 5. e4 e5 6. Nge2 Nc6 7. O-O d6 8. d3
Nd4 9. Nxd4 exd4 10. Ne2 c5 11. h3 Rb8 12. a4 b6 13. f4 a6 14. g4 b5 15. axb5
axb5 16. b3 bxc4 17. bxc4 Nd7 18. Ng3 Qh4 19. Rf3 Nb6 20. Bd2 Qe7 21. g5 f6 22.
gxf6 Bxf6 23. Qf1 Bd7 24. f5 Na4 25. Bh6 Rf7 26. Ne2 Nc3 27. fxg6 hxg6 28. Bc1
Nxe4 29. Nf4 Nc3 30. Nxg6 Ne2+ 31. Kh1 Qe6 32. Nf4 Nxf4 33. Rxf4 Qe7 34. Ra7
Rff8 35. Rxd7 Qxd7 36. Rxf6 Rxf6 37. Qxf6 Rb1 38. Bd5+ Kh7 39. Be4+ Kg8 40.
Bd5+ Kh7 41. Qh4+ Kg6 42. Qh6+ Kf5 43. Qg5# 1-0

[Event "Ann Arbor (MI Futurity/2)"]
[Site "?"]
[Date "1982.??.??"]
[Round "?"]
[White "Whitehouse, D.."]
[Black "Poschel, Paul"]
[Result "1/2-1/2"]
[WhiteElo "2290"]
[BlackElo "2255"]
[PlyCount "75"]
[EventDate "1982.??.??"]

1. c4 c5 2. Nc3 Nf6 3. Nf3 d5 4. cxd5 Nxd5 5. e4 Nb4 6. Bb5+ N8c6 7. d4 cxd4 8.
a3 dxc3 9. Qxd8+ Kxd8 10. axb4 cxb2 11. Bxb2 e6 12. O-O f6 13. e5 f5 14. Nd4
Bd7 15. Rfd1 Kc7 16. Bxc6 bxc6 17. b5 c5 18. Rac1 Be7 19. Ba3 Rhd8 20. Bxc5
Bxc5 21. Rxc5+ Kb6 22. Rcc1 Rac8 23. f3 Rxc1 24. Rxc1 g6 25. Ra1 Bc8 26. Nc6
Rd7 27. Kf1 Rc7 28. Kf2 Kxb5 29. Nxa7+ Kb6 30. Nxc8+ Rxc8 31. Rd1 Rc2+ 32. Kg3
Kc7 33. Rd6 Rc6 34. Rd2 Rc4 35. h4 h6 36. Rd6 Rc6 37. Rd2 Rc5 38. Kf4 1/2-1/2

[Event "Ann Arbor (MI Futurity/7)"]
[Site "?"]
[Date "1982.??.??"]
[Round "?"]
[White "Whitehouse, D.."]
[Black "O'Donnell, Robert"]
[Result "1-0"]
[WhiteElo "2290"]
[BlackElo "2150"]
[PlyCount "79"]
[EventDate "1982.??.??"]

1. c4 e5 2. Nc3 Nc6 3. g3 g6 4. Bg2 Bg7 5. e4 Nge7 6. Nge2 d6 7. O-O Be6 8. d3
Qd7 9. Nd5 O-O 10. Rb1 Nd4 11. Nxd4 exd4 12. f4 Nxd5 13. cxd5 Bg4 14. Qc2 f5
15. h3 Bh5 16. b4 a6 17. Bb2 Bf6 18. Kh2 Kh8 19. a4 Qg7 20. Bc1 h6 21. Bd2 Rac8
22. b5 axb5 23. axb5 b6 24. Ra1 Qd7 25. Qc4 Ra8 26. Rfc1 Rxa1 27. Rxa1 g5 28.
exf5 g4 29. h4 Be8 30. Be4 Qxb5 31. Qxc7 Qc5 32. Rc1 Qxc7 33. Rxc7 Bd8 34. Rb7
Ba4 35. Bb4 Bf6 36. Bxd6 Re8 37. Rxb6 Bg7 38. Bc7 Bd7 39. f6 Bf8 40. f7 1-0

[Event "Ann Arbor (MI Futurity/9)"]
[Site "?"]
[Date "1982.??.??"]
[Round "?"]
[White "Whitehouse, D.."]
[Black "Martinovsky, E.."]
[Result "0-1"]
[WhiteElo "2290"]
[BlackElo "2365"]
[PlyCount "102"]
[EventDate "1982.??.??"]

1. c4 e5 2. Nc3 Nc6 3. g3 g6 4. Bg2 Bg7 5. e4 d6 6. Nge2 f5 7. exf5 Bxf5 8. d4
Nxd4 9. Nxd4 exd4 10. Ne2 c5 11. Bxb7 Rb8 12. Bc6+ Bd7 13. Qa4 Ne7 14. Bxd7+
Qxd7 15. Qxd7+ Kxd7 16. Nf4 Nc6 17. O-O a5 18. Rb1 Ne5 19. b3 Nxc4 20. Rd1 Rb7
21. Nh3 a4 22. Ng5 h6 23. Nf7 Rhb8 24. Nxh6 axb3 25. axb3 Rxb3 26. Rxb3 Rxb3
27. Bg5 Ne5 28. h4 Nf3+ 29. Kf1 Nxg5 30. hxg5 c4 31. Ng4 d3 32. Ne3 c3 33. Rxd3
c2 34. Rxb3 c1=Q+ 35. Ke2 Bd4 36. Rd3 Qb2+ 37. Kf3 Ke6 38. Rd1 Bxe3 39. fxe3
Qe5 40. Rd4 Qxg5 41. Rf4 Qh5+ 42. Kf2 Qh2+ 43. Kf3 d5 44. Rf8 Qg1 45. Re8+ Kf5
46. Ke2 Qxg3 47. Kd3 Qe1 48. Rf8+ Ke6 49. Re8+ Kd7 50. Rg8 Qb1+ 51. Kd4 Qe4+
0-1

[Event "Ann Arbor (MI Futurity/3)"]
[Site "?"]
[Date "1982.??.??"]
[Round "?"]
[White "Whitehouse, D.."]
[Black "Goodman, D.."]
[Result "1/2-1/2"]
[WhiteElo "2290"]
[BlackElo "2350"]
[PlyCount "108"]
[EventDate "1982.??.??"]

1. c4 g6 2. Nc3 Bg7 3. g3 Nf6 4. Bg2 O-O 5. Nf3 d6 6. O-O Nc6 7. d3 e5 8. Rb1
a5 9. a3 Nd4 10. b4 axb4 11. axb4 Bg4 12. h3 Nxf3+ 13. exf3 Be6 14. f4 exf4 15.
Bxf4 Qc8 16. Kh2 Ng4+ 17. hxg4 Bxc3 18. g5 Bf5 19. Rb3 Bd4 20. Qd2 Re8 21. Be3
Bg7 22. d4 Be4 23. Bh3 Bf5 24. Bg2 Ra4 25. c5 Qe6 26. d5 Qc8 27. b5 dxc5 28.
Bxc5 b6 29. Be3 Be4 30. Rc1 Bxg2 31. Kxg2 Qb7 32. Rc6 Be5 33. Rb4 Rxb4 34. Qxb4
Qb8 35. Bd4 Qd8 36. Qc4 Qxg5 37. Bxe5 Qxe5 38. Rxc7 Rd8 39. d6 Qf6 40. d7 Qe7
41. Qd4 Qe6 42. Rc8 Rxc8 43. dxc8=Q+ Qxc8 44. Qxb6 Kf8 45. Qd6+ Ke8 46. Qe5+
Kd7 47. Qd5+ Kc7 48. Qc6+ Kb8 49. Qxc8+ Kxc8 50. Kf3 h5 51. Ke4 f6 52. f4 Kb7
53. Kd5 g5 54. fxg5 fxg5 1/2-1/2

[Event "East Lansing (MI Op/2)"]
[Site "?"]
[Date "1982.??.??"]
[Round "?"]
[White "Ward, Tim"]
[Black "Smith, Michael R"]
[Result "1/2-1/2"]
[WhiteElo "1900"]
[BlackElo "2065"]
[PlyCount "35"]
[EventDate "1982.??.??"]

1. d4 Nf6 2. c4 e6 3. Nc3 Bb4 4. f3 O-O 5. a3 Bxc3+ 6. bxc3 d5 7. e3 b6 8. cxd5
exd5 9. Bd3 Re8 10. Ne2 Ba6 11. Bxa6 Nxa6 12. O-O c5 13. Qa4 Qc8 14. Bd2 cxd4
15. cxd4 Qb7 16. Rfc1 Rac8 17. Rxc8 Rxc8 18. Rc1 1/2-1/2

[Event "East Lansing (MI Op/4)"]
[Site "?"]
[Date "1982.??.??"]
[Round "?"]
[White "Ward, Tim"]
[Black "Braak, Dairen"]
[Result "1-0"]
[WhiteElo "1900"]
[BlackElo "1835"]
[PlyCount "72"]
[EventDate "1982.??.??"]

1. d4 d5 2. c4 c6 3. Nf3 Nf6 4. cxd5 cxd5 5. Bf4 Nc6 6. e3 Nh5 7. Bg3 Nxg3 8.
hxg3 e6 9. Bd3 h6 10. Nc3 Bb4 11. O-O O-O 12. Rc1 Bd7 13. a3 Bd6 14. e4 Be7 15.
exd5 exd5 16. Nxd5 Bg4 17. Nxe7+ Qxe7 18. Re1 Qd6 19. d5 Ne5 20. Be2 Bxf3 21.
gxf3 Rad8 22. f4 Ng6 23. Bf3 Ne7 24. Qb3 Rd7 25. Bg4 f5 26. Bf3 Rf6 27. Re6
Rxe6 28. dxe6 Rd8 29. Rd1 Qc7 30. Rxd8+ Qxd8 31. Qxb7 a5 32. Qd7 Qf8 33. b4
axb4 34. axb4 Ng6 35. Qf7+ Qxf7 36. exf7+ Kxf7 1-0

[Event "East Lansing (MI Op/1)"]
[Site "?"]
[Date "1982.??.??"]
[Round "?"]
[White "Vandivier, Don"]
[Black "Geno, R.."]
[Result "1-0"]
[WhiteElo "2015"]
[BlackElo "1820"]
[PlyCount "37"]
[EventDate "1982.??.??"]

1. f4 Nc6 2. Nf3 e6 3. e4 d5 4. e5 a6 5. d4 Nge7 6. c3 Ng6 7. Bd3 Nh4 8. Ng5 h5
9. O-O Be7 10. g4 hxg4 11. Qxg4 Nf5 12. Rf3 Bxg5 13. fxg5 g6 14. Rh3 Ke7 15. b3
Bd7 16. Ba3+ Nd6 17. exd6+ cxd6 18. Qf4 e5 19. Qf6+ 1-0

[Event "East Lansing (MI Op/2)"]
[Site "?"]
[Date "1982.??.??"]
[Round "?"]
[White "Vandivier, Don"]
[Black "DuPuis, P.."]
[Result "0-1"]
[WhiteElo "2015"]
[BlackElo "2180"]
[PlyCount "80"]
[EventDate "1982.??.??"]

1. e4 c6 2. d4 d5 3. Nc3 dxe4 4. Nxe4 Nf6 5. Nxf6+ gxf6 6. Bc4 Bf5 7. Nf3 e6 8.
Qe2 Nd7 9. O-O Nb6 10. Bb3 Bg7 11. Re1 O-O 12. Nh4 Bg6 13. Nxg6 hxg6 14. c3 Qd6
15. Qg4 Nd5 16. Qh4 Rfe8 17. f4 f5 18. Be3 Bf6 19. Qh6 a5 20. a4 Rad8 21. h4
Bg7 22. Qg5 Nf6 23. Bc2 Qc7 24. Qg3 Kh7 25. Qf3 Qb6 26. b3 Qc7 27. g3 Ng4 28.
Rad1 c5 29. dxc5 Bxc3 30. Rxd8 Rxd8 31. Rd1 Rxd1+ 32. Bxd1 Bb4 33. Bf2 Bxc5 34.
Bxc5 Qxc5+ 35. Kg2 Qd4 36. Be2 b6 37. Bc4 Ne3+ 38. Kh3 Nxc4 39. bxc4 Qxc4 40.
h5 Qd5 0-1

[Event "Southfield (MEX/2)"]
[Site "?"]
[Date "1982.??.??"]
[Round "?"]
[White "Turner, George"]
[Black "Stein, K.."]
[Result "0-1"]
[WhiteElo "2030"]
[BlackElo "2280"]
[PlyCount "72"]
[EventDate "1982.??.??"]

1. d4 Nf6 2. c4 c5 3. d5 b5 4. cxb5 a6 5. e3 axb5 6. Bxb5 Qa5+ 7. Nc3 Ba6 8.
Bxa6 Qxa6 9. Qe2 d6 10. Nf3 g6 11. Qxa6 Nxa6 12. O-O Bg7 13. Bd2 O-O 14. a3
Rfb8 15. Rab1 Rb3 16. Bc1 Nd7 17. Nd2 Rb7 18. Ra1 Ne5 19. f4 Nd3 20. Nc4 Nc7
21. Rd1 Nxc1 22. Raxc1 Rb3 23. Kf1 Bxc3 24. Rxc3 Rxc3 25. bxc3 Ra4 26. Nb6 Rxa3
27. Rd3 Nb5 28. e4 Kf8 29. e5 Rxc3 30. Rd1 Rb3 31. Ra1 Na3 32. Ke2 Ke8 33. Kd2
Nb1+ 34. Kc2 Rxb6 35. Rxb1 Rxb1 36. Kxb1 Kd7 0-1

[Event "Southfield (MEX/4)"]
[Site "?"]
[Date "1982.??.??"]
[Round "?"]
[White "Turner, George"]
[Black "Smith, Michael R"]
[Result "0-1"]
[WhiteElo "2030"]
[BlackElo "2065"]
[PlyCount "92"]
[EventDate "1982.??.??"]

1. d4 Nf6 2. c4 e6 3. Nc3 Bb4 4. e3 c5 5. Nf3 d5 6. Bd3 Nc6 7. O-O O-O 8. a3
Bxc3 9. bxc3 dxc4 10. Bxc4 Qc7 11. Qe2 e5 12. d5 e4 13. dxc6 exf3 14. Qxf3 Bg4
15. Qf4 Qxc6 16. f3 Bh5 17. a4 Rfd8 18. e4 Bg6 19. Be3 b6 20. Rf2 a6 21. Rb2 b5
22. axb5 axb5 23. Rxa8 Qxa8 24. Rxb5 Qa1+ 25. Kf2 Qxc3 26. Rb8 Qc2+ 27. Be2 Re8
28. Qe5 Qa4 29. Bb5 Qxb5 30. Rxe8+ Qxe8 31. Qxe8+ Nxe8 32. Bxc5 f6 33. Ke3 Bf7
34. Kd4 Nc7 35. Kc3 Ne6 36. Bd6 Nd8 37. Kd4 Nc6+ 38. Kc5 Be8 39. f4 Kf7 40. g4
Ke6 41. h4 Na5 42. f5+ Kf7 43. Kd4 Bc6 44. h5 h6 45. Ba3 Ba4 46. Bb4 Nc6+ 0-1

[Event "East Lansing (MI Op/5)"]
[Site "?"]
[Date "1982.??.??"]
[Round "?"]
[White "Turner, George"]
[Black "Smith, Les L"]
[Result "1-0"]
[WhiteElo "2030"]
[BlackElo "1855"]
[PlyCount "47"]
[EventDate "1982.??.??"]

1. d4 e6 2. c4 c5 3. e3 Nf6 4. Nf3 Be7 5. Bd3 O-O 6. O-O d5 7. Nc3 Nc6 8. Qd2
a6 9. b3 dxc4 10. bxc4 cxd4 11. exd4 Qc7 12. Bb2 Rd8 13. Rac1 Bb4 14. Rfd1 Na5
15. Qe2 Bd6 16. Ne4 Nxe4 17. Qxe4 f5 18. Qh4 Be7 19. Qh5 g6 20. Qh6 Bf8 21. Qe3
Nc6 22. d5 Nb4 23. Bb1 Bc5 24. Qc3 1-0